[Event "Quebec Festival II"]
[Site "Quebec CAN"]
[Date "2005.07.18"]
[Round "1"]
[White "Beaudoin, Stephane"]
[Black "Fillion, Nicolas"]
[Result "1-0"]
[WhiteElo "2087"]
[BlackElo "1607"]
[PlyCount "57"]
[GameId "2160767910900997"]
[EventDate "2005.07.18"]
[EventType "swiss"]
[EventRounds "5"]
[EventCountry "CAN"]

1. e4 d5 2. exd5 Nf6 3. d4 Bg4 4. Be2 Bxe2 5. Qxe2 Qxd5 6. Nf3 Nc6 7. O-O O-O-O 8. Be3 e6 9. c4 Qf5 10. Nc3 g5 11. Rfd1 g4 12. Nh4 Qh5 13. g3 Be7 14. Ng2 Qf5 15. a3 h5 16. Nh4 Qh7 17. d5 exd5 18. cxd5 Ne5 19. Bf4 Ng6 20. Nxg6 fxg6 21. Rac1 g5 22. Bxc7 Rd7 23. d6 Bxd6 24. Bxd6 Rxd6 25. Rxd6 Qg7 26. Ne4+ Kb8 27. Nxf6 h4 28. Qe5 Ka8 29. Ne8 1-0

[Event "Quebec Festival II"]
[Site "Quebec CAN"]
[Date "2005.07.18"]
[Round "1"]
[White "Cournoyer, Dominic"]
[Black "Caire, Francois"]
[Result "0-1"]
[WhiteElo "1607"]
[BlackElo "2208"]
[PlyCount "104"]
[GameId "2160767910900998"]
[EventDate "2005.07.18"]
[EventType "swiss"]
[EventRounds "5"]
[EventCountry "CAN"]
[SourceTitle "EXT 2009"]
[Source "ChessBase"]
[SourceDate "2008.11.26"]
[SourceVersion "1"]
[SourceVersionDate "2008.11.26"]
[SourceQuality "1"]

1. c4 e5 2. Nc3 Nf6 3. Nf3 Nc6 4. g3 d5 5. cxd5 Nxd5 6. Bg2 Nb6 7. O-O Be7 8. e3 O-O 9. h3 Be6 10. d4 exd4 11. Nxd4 Nxd4 12. Qxd4 Qxd4 13. exd4 c6 14. Ne4 Rad8 15. Nc5 Bc8 16. Re1 Bf6 17. Nb3 Bxd4 18. Nxd4 Rxd4 19. Be3 Rdd8 20. Bxb6 axb6 21. Re7 Rfe8 22. Rae1 Kf8 23. R7e2 Rxe2 24. Rxe2 Re8 25. Rd2 Re1+ 26. Kh2 Ke7 27. g4 b5 28. Kg3 g5 29. Bf3 h6 30. Rd3 Be6 31. Ra3 Ra1 32. Ra7 Rxa2 33. Rxb7+ Kd6 34. b4 Ra4 35. Rb6 Bd7 36. Rb8 Rxb4 37. Rh8 c5 38. Rxh6+ Be6 39. Bd1 Rb1 40. Bc2 Rb2 41. Be4 c4 42. f4 Rb3+ 43. Kf2 gxf4 44. h4 Ke5 45. Bf3 c3 46. Bd1 Rb1 47. Bc2 Rb2 48. h5 Rxc2+ 49. Kg1 b4 50. g5 b3 51. Rxe6+ Kxe6 52. h6 b2 0-1

[Event "Quebec Festival II"]
[Site "Quebec CAN"]
[Date "2005.07.18"]
[Round "1"]
[White "Lessard, Claude"]
[Black "Skakni, Ismael"]
[Result "1-0"]
[WhiteElo "1969"]
[BlackElo "1571"]
[PlyCount "59"]
[GameId "2160767910900999"]
[EventDate "2005.07.18"]
[EventType "swiss"]
[EventRounds "5"]
[EventCountry "CAN"]
[SourceTitle "EXT 2009"]
[Source "ChessBase"]
[SourceDate "2008.11.26"]
[SourceVersion "1"]
[SourceVersionDate "2008.11.26"]
[SourceQuality "1"]

1. d4 Nf6 2. Bg5 g6 3. Bxf6 exf6 4. Nf3 Bg7 5. e3 d6 6. Bd3 f5 7. Nbd2 O-O 8. c3 Nd7 9. O-O Nf6 10. Qc2 c6 11. e4 fxe4 12. Nxe4 Bf5 13. Nxf6+ Qxf6 14. Bxf5 gxf5 15. Rfe1 Kh8 16. Re2 Rg8 17. Rae1 h5 18. g3 f4 19. Nh4 fxg3 20. hxg3 Bh6 21. Kh2 Bf4 22. Ng2 Rg4 23. Re8+ Rxe8 24. Rxe8+ Kg7 25. Nxf4 Rxf4 26. gxf4 Qxf4+ 27. Kg1 h4 28. Qe4 Qh6 29. Qg4+ Kf6 30. Re4 1-0

[Event "Quebec Festival II"]
[Site "Quebec CAN"]
[Date "2005.07.18"]
[Round "1"]
[White "Leveille, Philippe"]
[Black "Laflamme, Simon"]
[Result "0-1"]
[WhiteElo "1585"]
[BlackElo "1999"]
[PlyCount "70"]
[GameId "2160767910901000"]
[EventDate "2005.07.18"]
[EventType "swiss"]
[EventRounds "5"]
[EventCountry "CAN"]
[SourceTitle "EXT 2009"]
[Source "ChessBase"]
[SourceDate "2008.11.26"]
[SourceVersion "1"]
[SourceVersionDate "2008.11.26"]
[SourceQuality "1"]

1. e4 c5 2. Nc3 Nc6 3. f4 e6 4. Nf3 Nge7 5. Bc4 d5 6. exd5 exd5 7. Bb3 c4 8. Ba4 a6 9. Bxc6+ Nxc6 10. d3 Bf5 11. Qe2+ Be7 12. Ne5 O-O 13. Nxc6 bxc6 14. O-O Bc5+ 15. Kh1 cxd3 16. cxd3 Re8 17. Qf3 Rb8 18. b3 Qf6 19. Bd2 Qg6 20. Rac1 Bxd3 21. Rfe1 Ba3 22. Rxe8+ Rxe8 23. Re1 Rxe1+ 24. Bxe1 d4 25. Ne2 Be4 26. Qg3 Qxg3 27. hxg3 c5 28. Bd2 Bb1 29. Nc1 Bxc1 30. Bxc1 Bxa2 31. Bb2 Bxb3 32. Kg1 f5 33. Kf2 Kf7 34. Kf3 Ke6 35. Ke2 Kd5 0-1

[Event "Quebec Festival II"]
[Site "Quebec CAN"]
[Date "2005.07.25"]
[Round "2"]
[White "Berube, Antoine"]
[Black "Gaudreau, Eric"]
[Result "1-0"]
[WhiteElo "2168"]
[BlackElo "1664"]
[PlyCount "33"]
[GameId "2160767910901001"]
[EventDate "2005.07.18"]
[EventType "swiss"]
[EventRounds "5"]
[EventCountry "CAN"]
[SourceTitle "EXT 2009"]
[Source "ChessBase"]
[SourceDate "2008.11.26"]
[SourceVersion "1"]
[SourceVersionDate "2008.11.26"]
[SourceQuality "1"]

1. e4 e5 2. Nf3 Nc6 3. Bb5 a6 4. Ba4 d6 5. d4 b5 6. Bb3 exd4 7. Bd5 Bb7 8. Nxd4 Qd7 9. O-O Nf6 10. Bg5 Na5 11. Bxf6 gxf6 12. Qh5 c6 13. Be6 Qc7 14. Nc3 Nc4 15. f4 Bc8 16. b3 Bxe6 17. Nxe6 1-0

[Event "Quebec Festival II"]
[Site "Quebec CAN"]
[Date "2005.07.25"]
[Round "2"]
[White "Bluteau, Yvon"]
[Black "Lessard, Claude"]
[Result "1/2-1/2"]
[WhiteElo "1743"]
[BlackElo "1969"]
[PlyCount "72"]
[GameId "2160767910901002"]
[EventDate "2005.07.18"]
[EventType "swiss"]
[EventRounds "5"]
[EventCountry "CAN"]
[SourceTitle "EXT 2009"]
[Source "ChessBase"]
[SourceDate "2008.11.26"]
[SourceVersion "1"]
[SourceVersionDate "2008.11.26"]
[SourceQuality "1"]

1. d4 c5 2. d5 Nf6 3. Nc3 g6 4. Bf4 d6 5. e4 Bg7 6. Qd2 O-O 7. Bh6 Bh8 8. Bxf8 Kxf8 9. Nge2 b5 10. Ng3 b4 11. Nd1 Nbd7 12. Be2 h5 13. O-O Bg7 14. Qf4 Ne5 15. Ne3 Kg8 16. Qh4 Bh6 17. f4 g5 18. fxg5 Ng6 19. Rxf6 Nxh4 20. Rxh6 e6 21. Rxh5 Ng6 22. Rf1 e5 23. Rf6 Nf4 24. Rhh6 c4 25. Bh5 Nxh5 26. Rxh5 Qb6 27. Kf2 Qd4 28. Rfh6 Kf8 29. Rh8+ Ke7 30. Ne2 Qd2 31. g6 c3 32. g7 Ba6 33. Nf5+ Kd7 34. Nfg3 Rxh8 35. Rxh8 Qg5 36. bxc3 Qxg7 1/2-1/2

[Event "Quebec Festival II"]
[Site "Quebec CAN"]
[Date "2005.07.25"]
[Round "2"]
[White "Caire, Francois"]
[Black "Levasseur, Sylvain"]
[Result "1-0"]
[WhiteElo "2208"]
[BlackElo "1745"]
[PlyCount "93"]
[GameId "2160767910901003"]
[EventDate "2005.07.18"]
[EventType "swiss"]
[EventRounds "5"]
[EventCountry "CAN"]
[SourceTitle "EXT 2009"]
[Source "ChessBase"]
[SourceDate "2008.11.26"]
[SourceVersion "1"]
[SourceVersionDate "2008.11.26"]
[SourceQuality "1"]

1. e4 e5 2. Nf3 Nc6 3. Bb5 a6 4. Ba4 b5 5. Bb3 Be7 6. d4 exd4 7. Nxd4 Bb7 8. Nf5 Bf6 9. O-O Nge7 10. Nxe7 Bxe7 11. c3 O-O 12. Bf4 d6 13. Nd2 Ne5 14. Qe2 a5 15. Be3 Qd7 16. h3 c5 17. f4 Nc6 18. Nf3 b4 19. Bd5 Nd8 20. c4 Bxd5 21. exd5 f5 22. Rae1 Bf6 23. Bc1 Ra7 24. Rf2 g6 25. Qe3 Qg7 26. Qd2 Re7 27. Rxe7 Bxe7 28. Re2 Bf6 29. Ng5 Qd7 30. Qe1 Nf7 31. Ne6 Re8 32. g4 fxg4 33. hxg4 Re7 34. Kh1 Qe8 35. Kg2 Nd8 36. Kf3 Kf7 37. f5 Kg8 38. g5 Be5 39. Nxd8 Qxd8 40. f6 Rf7 41. Bf4 Qd7 42. Bxe5 dxe5 43. Kg3 h6 44. Rxe5 hxg5 45. Re8+ Rf8 46. Qe6+ Qxe6 47. Rxf8+ 1-0

[Event "Quebec Festival II"]
[Site "Quebec CAN"]
[Date "2005.07.25"]
[Round "2"]
[White "Glode, Martin"]
[Black "Beaudoin, Stephane"]
[Result "1/2-1/2"]
[WhiteElo "1785"]
[BlackElo "2087"]
[PlyCount "82"]
[GameId "2160767910901004"]
[EventDate "2005.07.18"]
[EventType "swiss"]
[EventRounds "5"]
[EventCountry "CAN"]
[SourceTitle "EXT 2009"]
[Source "ChessBase"]
[SourceDate "2008.11.26"]
[SourceVersion "1"]
[SourceVersionDate "2008.11.26"]
[SourceQuality "1"]

1. e4 g6 2. d4 Bg7 3. Nc3 d6 4. Be3 e5 5. Bc4 exd4 6. Bxd4 Nf6 7. f3 O-O 8. Qd2 Nc6 9. Be3 a6 10. a4 Bd7 11. Nge2 Ne5 12. Bb3 Be6 13. Bxe6 fxe6 14. b3 Qd7 15. O-O b5 16. Bh6 b4 17. Na2 Bxh6 18. Qxh6 a5 19. Rad1 c6 20. Qg5 Kg7 21. Nac1 Qa7+ 22. Kh1 Qc5 23. Qd2 d5 24. Qd4 Ned7 25. Qxc5 Nxc5 26. Nd3 Nxd3 27. cxd3 e5 28. Rc1 Rad8 29. Rfd1 Rf7 30. Ng3 dxe4 31. Nxe4 Nxe4 32. dxe4 Rfd7 33. Rxd7+ Rxd7 34. Kg1 Rd3 35. Rxc6 Rxb3 36. Rc5 Ra3 37. Rxa5 Kf6 38. Kf2 h5 39. h4 b3 40. Rb5 Ra2+ 41. Kg3 b2 1/2-1/2

[Event "Quebec Festival II"]
[Site "Quebec CAN"]
[Date "2005.07.25"]
[Round "2"]
[White "Laflamme, Simon"]
[Black "Filiatrault, Alexandre"]
[Result "0-1"]
[WhiteElo "1999"]
[BlackElo "1739"]
[PlyCount "60"]
[GameId "2160767910901005"]
[EventDate "2005.07.18"]
[EventType "swiss"]
[EventRounds "5"]
[EventCountry "CAN"]
[SourceTitle "EXT 2009"]
[Source "ChessBase"]
[SourceDate "2008.11.26"]
[SourceVersion "1"]
[SourceVersionDate "2008.11.26"]
[SourceQuality "1"]

1. e4 c5 2. b4 cxb4 3. a3 e6 4. Nf3 b6 5. d4 Nf6 6. Bd3 Bb7 7. Bg5 Qc7 8. Bxf6 gxf6 9. O-O Nc6 10. Re1 Rg8 11. Qe2 Bh6 12. Nbd2 Qf4 13. Nc4 O-O-O 14. Ne3 Kb8 15. d5 Ne5 16. Nxe5 Qxe5 17. axb4 Bxe3 18. Qxe3 f5 19. f4 Qg7 20. Qf3 fxe4 21. Bxe4 f5 22. Qa3 fxe4 23. Qxa7+ Kc8 24. Re2 Bxd5 25. Qxb6 Qxa1+ 26. Kf2 e3+ 27. Kxe3 Qc3+ 28. Kf2 Rxg2+ 29. Kf1 Qf3+ 30. Ke1 Qxe2# 0-1

[Event "Quebec Festival II"]
[Site "Quebec CAN"]
[Date "2005.07.25"]
[Round "2"]
[White "Renzo, Alain"]
[Black "Cournoyer, Dominic"]
[Result "0-1"]
[WhiteElo "1290"]
[BlackElo "1607"]
[PlyCount "66"]
[GameId "2160767910901006"]
[EventDate "2005.07.18"]
[EventType "swiss"]
[EventRounds "5"]
[EventCountry "CAN"]
[SourceTitle "EXT 2009"]
[Source "ChessBase"]
[SourceDate "2008.11.26"]
[SourceVersion "1"]
[SourceVersionDate "2008.11.26"]
[SourceQuality "1"]

1. e4 c5 2. Nc3 Nc6 3. g3 Nf6 4. Bg2 d6 5. d3 g6 6. Nf3 Bg7 7. O-O O-O 8. Bd2 h6 9. Re1 a6 10. Rb1 Rb8 11. a3 b5 12. e5 Nxe5 13. Nxe5 dxe5 14. Rxe5 Nd7 15. Re2 Bb7 16. Nd5 e6 17. Nf4 Bxg2 18. Kxg2 Qc7 19. c3 Ne5 20. Re3 Qc6+ 21. f3 Rbd8 22. Qc2 g5 23. Ne2 Nxf3 24. Kh3 g4+ 25. Kxg4 h5+ 26. Kh3 Ng5+ 27. Kh4 Bf6 28. Nf4 Be7 29. Qd1 Ne4+ 30. Kxh5 Rd5+ 31. Nxd5 Qxd5+ 32. Kg4 Nf2+ 33. Kf4 Qf5# 0-1

[Event "Quebec Festival II"]
[Site "Quebec CAN"]
[Date "2005.08.01"]
[Round "3"]
[White "Arteau, Benoit"]
[Black "Caire, Francois"]
[Result "0-1"]
[WhiteElo "1907"]
[BlackElo "2208"]
[PlyCount "30"]
[GameId "2160767910901007"]
[EventDate "2005.07.18"]
[EventType "swiss"]
[EventRounds "5"]
[EventCountry "CAN"]
[SourceTitle "EXT 2009"]
[Source "ChessBase"]
[SourceDate "2008.11.26"]
[SourceVersion "1"]
[SourceVersionDate "2008.11.26"]
[SourceQuality "1"]

1. d4 Nf6 2. c4 e5 3. dxe5 Ng4 4. e4 Nxe5 5. f4 Nec6 6. Be3 Bb4+ 7. Nd2 Qe7 8. Qf3 Na6 9. Ne2 O-O 10. a3 Bxd2+ 11. Bxd2 Nc5 12. Nc3 Nd4 13. Qd1 Nxe4 14. Nd5 Qh4+ 15. g3 Nxg3 0-1

[Event "Quebec Festival II"]
[Site "Quebec CAN"]
[Date "2005.08.01"]
[Round "3"]
[White "Beaudoin, Stephane"]
[Black "Bluteau, Yvon"]
[Result "1-0"]
[WhiteElo "2087"]
[BlackElo "1743"]
[PlyCount "57"]
[GameId "2160767910901008"]
[EventDate "2005.07.18"]
[EventType "swiss"]
[EventRounds "5"]
[EventCountry "CAN"]
[SourceTitle "EXT 2009"]
[Source "ChessBase"]
[SourceDate "2008.11.26"]
[SourceVersion "1"]
[SourceVersionDate "2008.11.26"]
[SourceQuality "1"]

1. e4 c5 2. Nf3 Nf6 3. Nc3 d5 4. e5 Nfd7 5. e6 fxe6 6. d4 cxd4 7. Nxd4 Nf6 8. Bb5+ Bd7 9. O-O Nc6 10. Bxc6 bxc6 11. Qe2 Qc8 12. Bf4 g6 13. Rfe1 Kf7 14. Nf3 Bg7 15. Ne5+ Ke8 16. Na4 Ne4 17. f3 Bxe5 18. Bxe5 Nf6 19. Nc5 Kf7 20. Rad1 Rd8 21. Rd3 a5 22. Re3 Ra7 23. Qf2 Kg7 24. Bxf6+ exf6 25. Rxe6 Rf8 26. Re7+ Rf7 27. Ne6+ Bxe6 28. Qxa7 Qd8 29. R1xe6 1-0

[Event "Quebec Festival II"]
[Site "Quebec CAN"]
[Date "2005.08.01"]
[Round "3"]
[White "Cournoyer, Dominic"]
[Black "Laflamme, Simon"]
[Result "0-1"]
[WhiteElo "1607"]
[BlackElo "1999"]
[PlyCount "118"]
[GameId "2160767910901009"]
[EventDate "2005.07.18"]
[EventType "swiss"]
[EventRounds "5"]
[EventCountry "CAN"]
[SourceTitle "EXT 2009"]
[Source "ChessBase"]
[SourceDate "2008.11.26"]
[SourceVersion "1"]
[SourceVersionDate "2008.11.26"]
[SourceQuality "1"]

1. c4 c5 2. Nc3 Nf6 3. Nf3 Nc6 4. g3 d5 5. cxd5 Nxd5 6. Nxd5 Qxd5 7. Bg2 g6 8. O-O Bg7 9. d3 O-O 10. a3 Bd7 11. Qc2 b6 12. Bf4 Qh5 13. h4 Rac8 14. Rac1 Rfd8 15. Ng5 Nd4 16. Bf3 Nxc2 17. Bxh5 Nd4 18. Bf3 Nxf3+ 19. Nxf3 Bxb2 20. Rc2 Bg7 21. Ne5 Ba4 22. Rcc1 f6 23. Nc4 e5 24. Be3 Bc6 25. Rb1 Rd7 26. f4 e4 27. dxe4 Bxe4 28. Rb2 Rcd8 29. a4 Bd5 30. Na3 Re8 31. Kf2 Rde7 32. Bc1 Bc6 33. a5 f5 34. Rd2 Bd4+ 35. Rxd4 Rxe2+ 36. Kg1 cxd4 37. Rf2 d3 38. Nc4 Re1+ 39. Rf1 R8e2 40. Rxe1 Rxe1+ 41. Kf2 Rxc1 42. Nd2 Rc2 43. Ke3 Rxd2 44. Kxd2 Be4 45. axb6 axb6 46. h5 b5 47. hxg6 hxg6 48. g4 b4 49. g5 Kf7 50. Kc1 Ke6 51. Kb2 Kd5 52. Kc1 Kc4 53. Kd2 b3 54. Kc1 Kc3 55. Kd1 b2 56. Ke1 b1=Q+ 57. Kf2 d2 58. Ke3 Qd3+ 59. Kf2 Qf3+ 0-1

[Event "Quebec Festival II"]
[Site "Quebec CAN"]
[Date "2005.08.01"]
[Round "3"]
[White "Filiatrault, Alexandre"]
[Black "Berube, Antoine"]
[Result "1-0"]
[WhiteElo "1739"]
[BlackElo "2168"]
[PlyCount "57"]
[GameId "2160767910901010"]
[EventDate "2005.07.18"]
[EventType "swiss"]
[EventRounds "5"]
[EventCountry "CAN"]
[SourceTitle "EXT 2009"]
[Source "ChessBase"]
[SourceDate "2008.11.26"]
[SourceVersion "1"]
[SourceVersionDate "2008.11.26"]
[SourceQuality "1"]

1. e4 c5 2. Nc3 Nc6 3. f4 g6 4. Nf3 Bg7 5. Bc4 e6 6. O-O Nge7 7. d3 O-O 8. f5 d5 9. Bb3 dxe4 10. f6 Bxf6 11. Nxe4 Bg7 12. Nfg5 Nf5 13. Qe1 Ncd4 14. g4 Nxb3 15. axb3 Nd6 16. Be3 Nxe4 17. Nxe4 b6 18. g5 Bb7 19. Nf6+ Bxf6 20. gxf6 Qd5 21. Qg3 Rfe8 22. Ra4 e5 23. Re4 Qd6 24. Rh4 Re6 25. Qg5 Kf8 26. Rxh7 Ke8 27. Qh6 Qd5 28. Qf8+ Kd7 29. Qxf7+ 1-0

[Event "Quebec Festival II"]
[Site "Quebec CAN"]
[Date "2005.08.01"]
[Round "3"]
[White "Lessard, Claude"]
[Black "Chouinard, Marc"]
[Result "1/2-1/2"]
[WhiteElo "1969"]
[BlackElo "1656"]
[PlyCount "64"]
[GameId "2160767910901011"]
[EventDate "2005.07.18"]
[EventType "swiss"]
[EventRounds "5"]
[EventCountry "CAN"]
[SourceTitle "EXT 2009"]
[Source "ChessBase"]
[SourceDate "2008.11.26"]
[SourceVersion "1"]
[SourceVersionDate "2008.11.26"]
[SourceQuality "1"]

1. d4 Nf6 2. Nf3 d5 3. c4 e6 4. Nc3 Be7 5. Bf4 c6 6. e3 O-O 7. Bd3 Nbd7 8. h3 dxc4 9. Bxc4 b5 10. Bd3 Bb7 11. O-O a6 12. Rc1 c5 13. a3 Rc8 14. Qe2 cxd4 15. exd4 Nd5 16. Nxd5 Bxd5 17. Rxc8 Qxc8 18. Rc1 Qa8 19. Rc7 Bxf3 20. gxf3 Qd8 21. Qe4 Nf6 22. Qe5 Nd5 23. Rc6 Nxf4 24. Qxf4 Qa8 25. Qe4 g6 26. d5 exd5 27. Qxd5 Rc8 28. Rxc8+ Qxc8 29. Kg2 Kg7 30. Be4 Bf6 31. b3 Qc1 32. a4 Qg5+ 1/2-1/2

[Event "Quebec Festival II"]
[Site "Quebec CAN"]
[Date "2005.08.08"]
[Round "4"]
[White "Boissinot, Claude"]
[Black "Cournoyer, Dominic"]
[Result "1-0"]
[WhiteElo "1570"]
[BlackElo "1607"]
[PlyCount "87"]
[GameId "2160767910901012"]
[EventDate "2005.07.18"]
[EventType "swiss"]
[EventRounds "5"]
[EventCountry "CAN"]
[SourceTitle "EXT 2009"]
[Source "ChessBase"]
[SourceDate "2008.11.26"]
[SourceVersion "1"]
[SourceVersionDate "2008.11.26"]
[SourceQuality "1"]

1. e4 c5 2. d4 cxd4 3. c3 dxc3 4. Nxc3 Nc6 5. Nf3 a6 6. a3 d6 7. Bc4 e6 8. Qe2 Be7 9. O-O Nf6 10. Rd1 Qc7 11. Bg5 O-O 12. Rac1 b5 13. Ba2 Bb7 14. Bf4 Nd7 15. Nd5 exd5 16. exd5 Nb6 17. dxc6 Bc8 18. h3 Bf5 19. Be3 Rfe8 20. Nd4 Bg6 21. Qf3 Bf6 22. Qg3 Na4 23. Rd2 Be5 24. f4 Bf6 25. h4 Nc5 26. Rdd1 Nd3 27. Rc3 Nxb2 28. Rd2 Na4 29. Rc1 Nc5 30. Bd5 Ne4 31. Bxe4 Rxe4 32. Qh3 Rae8 33. Rc3 Rxd4 34. Qd7 Rc8 35. Qxc7 Rxc7 36. Bxd4 Bxh4 37. Bb6 Rc8 38. Rxd6 Kf8 39. c7 Bf5 40. Rd8+ Ke7 41. Re3+ Kf6 42. Rxc8 Bxc8 43. Re8 Bb7 44. Rb8 1-0

[Event "Quebec Festival II"]
[Site "Quebec CAN"]
[Date "2005.08.08"]
[Round "4"]
[White "Caire, Francois"]
[Black "Filiatrault, Alexandre"]
[Result "1-0"]
[WhiteElo "2208"]
[BlackElo "1739"]
[PlyCount "77"]
[GameId "2160767910901013"]
[EventDate "2005.07.18"]
[EventType "swiss"]
[EventRounds "5"]
[EventCountry "CAN"]
[SourceTitle "EXT 2009"]
[Source "ChessBase"]
[SourceDate "2008.11.26"]
[SourceVersion "1"]
[SourceVersionDate "2008.11.26"]
[SourceQuality "1"]

1. Nf3 Nf6 2. d4 g6 3. c4 Bg7 4. g3 c5 5. Bg2 O-O 6. Nc3 cxd4 7. Nxd4 Nc6 8. O-O a6 9. b3 Ne4 10. Bxe4 Nxd4 11. Bb2 Rb8 12. Qd2 b5 13. c5 Ne6 14. b4 a5 15. a3 Bb7 16. Bxb7 Rxb7 17. Rfd1 Nd4 18. Qd3 axb4 19. Nd5 Nf3+ 20. Qxf3 Bxb2 21. Nxb4 Rc7 22. Ra2 Bg7 23. Qe3 Kh8 24. Rad2 Qc8 25. Qxe7 Rxc5 26. Rxd7 Rc1 27. Qe3 Rxd1+ 28. Rxd1 Re8 29. Qd3 Qc4 30. Kf1 Qxd3 31. Rxd3 Bf8 32. Ke1 Kg7 33. Rb3 Re4 34. Kd2 f5 35. e3 Kf7 36. Kc2 Rc4+ 37. Kb1 Ke6 38. Nc2 Ra4 39. Nd4+ 1-0

[Event "Quebec Festival II"]
[Site "Quebec CAN"]
[Date "2005.08.08"]
[Round "4"]
[White "Dorion, Francois"]
[Black "Beaudoin, Stephane"]
[Result "1-0"]
[WhiteElo "1670"]
[BlackElo "2087"]
[PlyCount "52"]
[GameId "2160767910901014"]
[EventDate "2005.07.18"]
[EventType "swiss"]
[EventRounds "5"]
[EventCountry "CAN"]
[SourceTitle "EXT 2009"]
[Source "ChessBase"]
[SourceDate "2008.11.26"]
[SourceVersion "1"]
[SourceVersionDate "2008.11.26"]
[SourceQuality "1"]

1. e4 g6 2. c3 Bg7 3. Nf3 d6 4. h3 Nf6 5. d3 O-O 6. Be2 c5 7. Be3 b6 8. Nbd2 Bb7 9. Qc2 Nbd7 10. O-O-O Rc8 11. Nh2 d5 12. Ng4 e5 13. c4 d4 14. Bh6 a6 15. Rdf1 b5 16. Qd1 Ne8 17. f4 exf4 18. Rxf4 Nd6 19. Rhf1 bxc4 20. Bxg7 Kxg7 21. dxc4 Qe7 22. Rf6 Nxf6 23. Nxf6 Nxe4 24. Ndxe4 Bxe4 25. Qd2 Bxg2 26. Rf2 Qe3 1-0

[Event "Quebec Festival II"]
[Site "Quebec CAN"]
[Date "2005.08.08"]
[Round "4"]
[White "Glode, Martin"]
[Black "Lessard, Claude"]
[Result "0-1"]
[WhiteElo "1785"]
[BlackElo "1969"]
[PlyCount "126"]
[GameId "2160767910901015"]
[EventDate "2005.07.18"]
[EventType "swiss"]
[EventRounds "5"]
[EventCountry "CAN"]
[SourceTitle "EXT 2009"]
[Source "ChessBase"]
[SourceDate "2008.11.26"]
[SourceVersion "1"]
[SourceVersionDate "2008.11.26"]
[SourceQuality "1"]

1. e4 e5 2. Nf3 Nc6 3. Bb5 a6 4. Bxc6 bxc6 5. d4 exd4 6. Qxd4 Qf6 7. O-O Qxd4 8. Nxd4 Bc5 9. Nb3 Ba7 10. Re1 Ne7 11. Be3 Bxe3 12. Rxe3 d6 13. Nc3 Rb8 14. Rae1 Ng6 15. Nd1 O-O 16. Nd4 c5 17. Nc6 Rb6 18. Na5 Be6 19. Rc3 Rb4 20. b3 f5 21. exf5 Bxf5 22. Ne3 Rd4 23. Nxf5 Rxf5 24. Rce3 Rdf4 25. f3 Ne5 26. Re4 Kf7 27. Rxf4 Rxf4 28. Kf2 g5 29. h3 h5 30. Ke3 Kf6 31. Rf1 Kf5 32. g3 Rd4 33. g4+ Kg6 34. gxh5+ Kxh5 35. f4 gxf4+ 36. Rxf4 Rd1 37. Nc4 Nc6 38. Nb2 Rh1 39. h4 Nb4 40. Rf7 Nxc2+ 41. Kd3 Nb4+ 42. Ke3 Rxh4 43. Rh7+ Kg5 44. Rxh4 Kxh4 45. Ke4 Kg5 46. a3 Nc2 47. Kd5 Nxa3 48. Kc6 Nb5 49. Kb7 Kf5 50. Kxa6 Nd4 51. Kb7 Nxb3 52. Kxc7 Ke6 53. Kc6 Nd4+ 54. Kb6 Kd5 55. Kc7 Nf5 56. Kd7 c4 57. Na4 Ne3 58. Nc3+ Ke5 59. Kc6 d5 60. Kc5 d4 61. Nb5 d3 62. Nc3 d2 63. Kb4 Kd4 0-1

[Event "Quebec Festival II"]
[Site "Quebec CAN"]
[Date "2005.08.15"]
[Round "5"]
[White "Beaudoin, Stephane"]
[Black "Caire, Francois"]
[Result "0-1"]
[WhiteElo "2087"]
[BlackElo "2208"]
[PlyCount "41"]
[GameId "2160767910901016"]
[EventDate "2005.07.18"]
[EventType "swiss"]
[EventRounds "5"]
[EventCountry "CAN"]

1. e4 c5 2. Nf3 Nc6 3. Bb5 g6 4. O-O Bg7 5. c3 e5 6. d4 cxd4 7. cxd4 exd4 8. Bf4 a6 9. Bc4 d6 10. Qb3 Na5 11. Bxf7+ Ke7 12. Qa3 Kxf7 13. Nbd2 Bh6 14. Bxd6 Bxd2 15. Nxd2 Nc6 16. Rac1 Nf6 17. e5 Ne8 18. Nf3 Kg7 19. Rxc6 bxc6 20. Be7 Qd5 21. Rd1 0-1

[Event "Quebec Festival II"]
[Site "Quebec CAN"]
[Date "2005.08.15"]
[Round "5"]
[White "Berube, Antoine"]
[Black "Dorion, Francois"]
[Result "1-0"]
[WhiteElo "2168"]
[BlackElo "1670"]
[PlyCount "29"]
[GameId "2160767910901017"]
[EventDate "2005.07.18"]
[EventType "swiss"]
[EventRounds "5"]
[EventCountry "CAN"]

1. e4 e5 2. Nf3 Nc6 3. Bb5 d6 4. d4 Bd7 5. Nc3 exd4 6. Nxd4 Nxd4 7. Bxd7+ Qxd7 8. Qxd4 Nf6 9. Bg5 Be7 10. O-O-O h6 11. Bxf6 Bxf6 12. e5 Bxe5 13. Rhe1 Qe7 14. Nd5 Kd8 15. Nxe7 1-0

[Event "Quebec Festival II"]
[Site "Quebec CAN"]
[Date "2005.08.15"]
[Round "5"]
[White "Cournoyer, Dominic"]
[Black "Crepault, Francois"]
[Result "1/2-1/2"]
[WhiteElo "1607"]
[BlackElo "1546"]
[PlyCount "76"]
[GameId "2160767910901018"]
[EventDate "2005.07.18"]
[EventType "swiss"]
[EventRounds "5"]
[EventCountry "CAN"]

1. d4 Nf6 2. Nf3 g6 3. g3 Bg7 4. Bg2 O-O 5. O-O d6 6. Bf4 Nh5 7. Be3 e5 8. c3 c6 9. dxe5 dxe5 10. Nbd2 Qc7 11. Bc5 Rd8 12. Qc2 b6 13. Ba3 Bb7 14. Rad1 c5 15. Nc4 Nc6 16. b3 Ne7 17. e4 Ba6 18. Rfe1 Bxc4 19. bxc4 Rxd1 20. Rxd1 Rd8 21. Bc1 h6 22. Bh3 Rxd1+ 23. Qxd1 Nc6 24. Ne1 Nf6 25. Qd3 Ne8 26. Nc2 Qd6 27. Bf1 Qxd3 28. Bxd3 h5 29. f3 Nd6 30. Kf2 Na5 31. Na3 a6 32. Be3 Kh7 33. h4 Bh6 34. f4 f6 35. Kf3 Kg7 36. Bd2 Kh7 37. Be3 Kg7 38. Bd2 Kh7 1/2-1/2

[Event "Quebec Festival II"]
[Site "Quebec CAN"]
[Date "2005.08.15"]
[Round "5"]
[White "Filiatrault, Alexandre"]
[Black "Arteau, Benoit"]
[Result "0-1"]
[WhiteElo "1739"]
[BlackElo "1907"]
[PlyCount "66"]
[GameId "2160767910901019"]
[EventDate "2005.07.18"]
[EventType "swiss"]
[EventRounds "5"]
[EventCountry "CAN"]

1. e4 c5 2. Nc3 Nc6 3. f4 e6 4. Bb5 Nge7 5. Nf3 g6 6. O-O Bg7 7. d3 d5 8. Ne5 O-O 9. Nxc6 bxc6 10. Ba4 Qa5 11. Bb3 Bxc3 12. bxc3 c4 13. f5 exf5 14. Bg5 cxb3 15. Bxe7 Re8 16. Bb4 Qb6+ 17. Kh1 c5 18. Ba3 bxc2 19. Qxc2 dxe4 20. d4 cxd4 21. cxd4 Qxd4 22. Rad1 Qe5 23. Bb2 Qe6 24. Qc5 Qb6 25. Qc3 f6 26. Ba3 Re6 27. Rb1 Qc6 28. Qb4 Ba6 29. Rfc1 Qd7 30. Qa5 Rc6 31. Rxc6 Qxc6 32. Rc1 Qb5 33. Qc3 Rc8 0-1